Working papers for use with managerial accounting
Đã lưu trong:
| Príomhúdar: | |
|---|---|
| Formáid: | Leabhar |
| Teanga: | Undetermined |
| Foilsithe: |
New York
McGraw-Hill Companies
2010
|
| Ábhair: | |
| Clibeanna: |
Cuir Clib Leis
Gan Chlibeanna, Bí ar an gcéad duine leis an taifead seo a chlibeáil!
|
| Thư viện lưu trữ: | Trung tâm Học liệu Trường Đại học Cần Thơ |
|---|
| LEADER | 00571nam a2200181Ia 4500 | ||
|---|---|---|---|
| 001 | CTU_181435 | ||
| 008 | 210402s9999 xx 000 0 und d | ||
| 082 | |a 658.1511 | ||
| 082 | |b G242 | ||
| 100 | |a Garrison, Ray H. | ||
| 245 | 0 | |a Working papers for use with managerial accounting | |
| 245 | 0 | |c Ray H. Garrison, Eric W. Noreen, Peter C. Brewer | |
| 260 | |a New York | ||
| 260 | |b McGraw-Hill Companies | ||
| 260 | |c 2010 | ||
| 650 | |a Managerial accounting,Quản trị kế toán | ||
| 904 | |i ngoc huyen | ||
| 980 | |a Trung tâm Học liệu Trường Đại học Cần Thơ | ||